01116nam a2200289 i 4500001001000000003000900010005001700019007000300036008004100039040003000080041000800110082002500118100003900143245006100182246003700243264004600280300005900326336002700385337003300412338002900445500008300474504003900557600006800596600005200664650005300716651005700769000039272DO-SdBNP20260312135305.0ta090709s1995 xxuac r 001 0 spa d aDO-SdBNPbspacBNPHUerda aspa 4a320.97293bV645d2221 aVictoria B., Roberto,eautor4aut.14aLos diez mandamientos de Balaguer /cRoberto Victoria B.13aThe ten commandments of Balaguer 1aEstados Unidos :bRapido Printing,c1995. axi, 237 páginas :bilustraciones, retratos ;c21 cm. atextobtxt2rdacontent asin mediaciónbn2rdamedia 2rdacarrieravolumen bnc aIncluye índice, referencias bibliográficas y notas al pie de las páginas aBibliografía : páginas 229-23010a Balaguer, Joaquín,d1906-2002xCrítica e interpretación 10a Balaguer, Joaquín,d1906-2002xCronología  4aRepública dominicanaxPolítica socialy1961- 4aRepública DominicanaxPolítica y gobiernoy1961-